000
00217nam a22001097a 4500
041
_a
eng
080
_a
80
100
_a
Weidenfeld, W.
245
_a
Handbuch zur Deutschen Einheit.
650
_a
German
999
_c
277786
_d
277786
942
_c
BK